00349nam a22001457a 4500003000700000005001700007008004100024082002100065100001700086245002400103250001100127260003400138300000800172650002300180MPLRDC20220104143849.0210129b ||||| |||| 00| 0 eng d a947.413 JJYR v.6 a臼井仪人 a蜡笔小新. 六c a再版 ab漫画家有限公司c1995 b平 a蜡笔小新漫画